El gato / (Record no. 27047)

MARC details
000 -LEADER
fixed length control field 00663nam a22002417a 4500
001 - CONTROL NUMBER
control field sjds
003 - CONTROL NUMBER IDENTIFIER
control field sjds
005 - DATE AND TIME OF LATEST TRANSACTION
control field 20220808185626.0
008 - FIXED-LENGTH DATA ELEMENTS--GENERAL INFORMATION
fixed length control field 220607b sp ||||| |||| 00| 0 spa d
020 ## - INTERNATIONAL STANDARD BOOK NUMBER
International Standard Book Number 9788424617219
020 ## - INTERNATIONAL STANDARD BOOK NUMBER
International Standard Book Number 8424617215
040 ## - CATALOGING SOURCE
Transcribing agency sjds
041 ## - LANGUAGE CODE
Language code of text/sound track or separate title spa
100 10 - MAIN ENTRY--PERSONAL NAME
Personal name Duran, Teresa
245 13 - TITLE STATEMENT
Title El gato /
Statement of responsibility, etc. Teresa Duran; ilustraciones de Marie-Jose Sacre; [version castellana, Eduardo Ruiz]
246 ## - VARYING FORM OF TITLE
Title proper/short title El gato
260 ## - PUBLICATION, DISTRIBUTION, ETC. (IMPRINT)
Place of publication, distribution, etc. Barcelona :
Name of publisher, distributor, etc. La Galera ;1998, c1995
Date of publication, distribution, etc. 1998, c1995
300 ## - PHYSICAL DESCRIPTION
Extent [22] p.
Other physical details il. color ;
Dimensions 17 cm.
440 ## - SERIES STATEMENT/ADDED ENTRY--TITLE
Title Cuatro estaciones
700 10 - ADDED ENTRY--PERSONAL NAME
Personal name Sacre, Marie-Jose
700 10 - ADDED ENTRY--PERSONAL NAME
Personal name Ruiz, Eduardo
942 ## - ADDED ENTRY ELEMENTS (KOHA)
Koha item type Libro/Book
Holdings
Withdrawn status Lost status Damaged status Not for loan Home library Current library Date acquired Total Checkouts Total Renewals Full call number Barcode Checked out Date last seen Date checked out Price effective from Koha item type Inventory number
        San Juan Del Sur -- Mobile Collado 08/08/2022 4 1 JNC 33016718 04/12/2024 30/10/2024 30/10/2024 08/08/2022 Libro/Book  
        San Juan Del Sur -- Mobile Las delicias 08/08/2022 1   JNC 33016719 14/11/2023 10/10/2023 10/10/2023 08/08/2022 Libro/Book  
        San Juan Del Sur -- Mobile San Juan Del Sur -- Mobile 08/08/2022 5   JNC 33016717   26/09/2024 26/09/2024 08/08/2022 Libro/Book Inventory date: 10-2-25

Powered by Koha